La ruptura del amor eficaz: Camilo Torres, el movimiento estudiantil y la teología de la liberación /

Gardado en:
Detalles Bibliográficos
Autor Principal: Torres, Fernando
Formato: Texto
Etiquetas: Engadir etiqueta
Sen Etiquetas, Sexa o primeiro en etiquetar este rexistro!

MARC

LEADER 00000 a a2200000 04500
001 44014
003
040
100 |a Torres, Fernando  
245 |a La ruptura del amor eficaz:   |b Camilo Torres, el movimiento estudiantil y la teología de la liberación /  |c Fernando Torres  
773 |g número51 (enero-marzo, 2009), páginas 38-51  
999 |c 34235  |d 34235